00744naa a2200133 i 45000010005000000030009000050050017000140080041000310400028000721000138001002450065002385380088003037730219003919932KOSZ 00520180412102801.0080714s2008 pl fq |000 0 pol  aWA NcWA NdKOSZ 005/HR aZAJKOWSKI, Konrad.bPolitechnika Koszalińska - Wydział Mechaniczny,cKatedra Zastosowań Elektroniki i Elektrotechnikid1999 - . 10aObwody jednofazowe prądu przemiennego /cKonrad Zajkowski. aWymagania systemowe: IBM PC; Windows 98 lub nowszy; Acrobat Reader; czytnik CD-ROM. iW : tPodstawy elektrotechniki i elektroniki dla nieelektryków. T. 1, Laboratorium. [CD] / pod red. Jerzego Smyczka. -dKoszalin : Wydaw. Uczelniane Politechniki Koszalińskiej, 2008. -gs. 47-76.z9788373651555